[Event "BL 0304 Hamburger SK - SK König Plauen"]
[Site "?"]
[Date "2003.11.01"]
[Round "1.5"]
[White "Dirr, Ulrich"]
[Black "Mueller, Karsten"]
[Result "0-1"]
[WhiteElo "2299"]
[BlackElo "2521"]
[PlyCount "80"]
[EventDate "2003.??.??"]

1. e4 d5 2. exd5 Qxd5 3. Nc3 Qa5 4. d4 Nf6 5. Bc4 Nc6 6. d5 Nb4 7. Nge2 Bf5 8.
Nd4 Nbxd5 9. Bxd5 Nxd5 10. Qf3 Nxc3 11. bxc3 Qe5+ 12. Be3 Be4 13. Qh3 e6 14.
O-O Bd6 15. f4 Qd5 16. Qg4 O-O-O 17. Qe2 Bc5 18. c4 Qd6 19. Rfd1 f5 20. Nxf5
Qb6 21. Bxc5 Qxc5+ 22. Ne3 Bxc2 23. Rdc1 Be4 24. Kh1 h5 25. Nf1 Qc6 26. Rc3 h4
27. Re3 Bf5 28. h3 Rd4 29. Ra3 Rxc4 30. Rxa7 Kb8 31. Ra3 Rc2 32. Qf3 Be4 33.
Qe3 b6 34. Nd2 Bxg2+ 35. Kg1 Bd5 36. Rb1 Rc1+ 37. Rxc1 Qxc1+ 38. Kf2 Rf8 39.
Rc3 Qb2 40. Ke2 Rxf4 0-1

[Event "BL 0304 Hamburger SK - SK König Plauen"]
[Site "?"]
[Date "2003.11.01"]
[Round "1.6"]
[White "Berg, Emanuel"]
[Black "Pfretzschner, Roland"]
[Result "1-0"]
[WhiteElo "2489"]
[BlackElo "2222"]
[PlyCount "131"]
[EventDate "2003.??.??"]

1. e4 c5 2. Nf3 Nc6 3. d4 cxd4 4. Nxd4 Nf6 5. Nc3 e5 6. Ndb5 d6 7. Bg5 a6 8.
Na3 b5 9. Bxf6 gxf6 10. Nd5 Bg7 11. g3 f5 12. Bg2 fxe4 13. Bxe4 O-O 14. Ne3 Qc7
15. Qd3 h6 16. Rd1 Rd8 17. Nd5 Qa7 18. c3 Be6 19. Nc2 Rac8 20. Nce3 Ne7 21. O-O
Nxd5 22. Bxd5 Qe7 23. Rd2 h5 24. f4 Bh3 25. Rf3 e4 26. Bxe4 b4 27. Nd5 Qa7+ 28.
Qe3 Qxe3+ 29. Rxe3 bxc3 30. bxc3 Rc5 31. Bg2 Be6 32. Red3 Kf8 33. h4 Rb8 34.
Kf2 Bxd5 35. Rxd5 Rxd5 36. Bxd5 Bxc3 37. Rd3 Rb2+ 38. Kf3 Bb4 39. Bc4 Bc5 40.
Rd5 Rc2 41. Bb3 Rf2+ 42. Ke4 Re2+ 43. Kf5 Kg7 44. Kg5 Re3 45. g4 hxg4 46. Kxg4
f6 47. Rd2 Re1 48. Kf5 Rh1 49. Rg2+ Kh7 50. Kxf6 Rxh4 51. Bc2+ Kh8 52. Bf5 Rxf4
53. Rg5 Rxf5+ 54. Kxf5 Kh7 55. Rg4 a5 56. Ke6 Bb4 57. Kd5 Kh6 58. Rg3 Kh5 59.
a3 Bc5 60. Kc4 Kh4 61. Rc3 Kg4 62. Kb5 Kf4 63. Kxa5 Ke4 64. Kb5 Be3 65. Kc6 Bd4
66. Rh3 1-0

[Event "BL 0304 Hamburger SK - SK König Plauen"]
[Site "?"]
[Date "2003.11.01"]
[Round "1.7"]
[White "Espig, Thomas"]
[Black "Reeh, Oliver"]
[Result "0-1"]
[WhiteElo "2300"]
[BlackElo "2446"]
[PlyCount "50"]
[EventDate "2003.??.??"]

1. d4 Nf6 2. Nf3 g6 3. g3 Bg7 4. Bg2 O-O 5. O-O d6 6. b3 c5 7. Bb2 Nc6 8. d5
Nb4 9. Ne1 b5 10. a3 Na6 11. a4 b4 12. Nd2 Nc7 13. e4 Ba6 14. Nc4 Rb8 15. Nd3
Bxc4 16. bxc4 Nd7 17. Bxg7 Kxg7 18. f4 e6 19. Qd2 a5 20. Rae1 e5 21. Bh3 f6 22.
Nf2 Nb6 23. fxe5 fxe5 24. Be6 Qe7 25. Ng4 Nxe6 0-1

[Event "BL 0304 Hamburger SK - SK König Plauen"]
[Site "?"]
[Date "2003.11.01"]
[Round "1.8"]
[White "Heinemann, Thies"]
[Black "Hoerr, Matthias"]
[Result "1-0"]
[WhiteElo "2426"]
[BlackElo "2055"]
[PlyCount "97"]
[EventDate "2003.??.??"]

1. e4 d6 2. d4 Nf6 3. Nc3 g6 4. Nf3 Bg7 5. Be2 c5 6. d5 O-O 7. O-O Bg4 8. a4 e6
9. dxe6 fxe6 10. Ng5 Bxe2 11. Qxe2 Re8 12. e5 Nd5 13. Nxd5 exd5 14. Qf3 dxe5
15. Rd1 Nc6 16. Rxd5 Qf6 17. Qxf6 Bxf6 18. Ne4 Be7 19. Be3 b6 20. Rad1 Rad8 21.
c4 Na5 22. Rxd8 Rxd8 23. Rxd8+ Bxd8 24. Nd2 Bf6 25. Kf1 e4 26. b3 Be5 27. h3
Kf7 28. Ke2 Ke6 29. Nxe4 Nxb3 30. Ng5+ Ke7 31. Nxh7 Bd4 32. g4 Bxe3 33. Kxe3
Na5 34. Kd3 Ke6 35. f4 Nc6 36. Ng5+ Ke7 37. Nf3 Kf6 38. Ke4 Nb4 39. Ne5 Na2 40.
Kd3 Nb4+ 41. Ke4 Na2 42. a5 Nc3+ 43. Kd3 Nd1 44. Ke2 Nc3+ 45. Kd2 Na4 46. a6 g5
47. Nc6 b5 48. fxg5+ Kxg5 49. cxb5 1-0

[Event "BL 0304 SC Kreuzberg - SC Baden Oos"]
[Site "?"]
[Date "2003.11.01"]
[Round "1.2"]
[White "Nisipeanu, Liviu-Dieter"]
[Black "Dautov, Rustem"]
[Result "0-1"]
[WhiteElo "2675"]
[BlackElo "2610"]
[PlyCount "60"]
[EventDate "2003.??.??"]

1. e4 c6 2. d3 d5 3. Nd2 e5 4. Ngf3 Bd6 5. g3 Nf6 6. Bg2 O-O 7. O-O Re8 8. Re1
Bg4 9. c3 Nbd7 10. Qc2 Qc7 11. Nf1 h6 12. Ne3 Be6 13. Nh4 a5 14. Qe2 Rad8 15.
Qf3 Bf8 16. Bf1 Kh7 17. g4 g6 18. Nef5 dxe4 19. dxe4 gxf5 20. gxf5 Bd5 21. exd5
cxd5 22. Qh3 e4 23. Kh1 Ne5 24. Bf4 Bd6 25. Be2 Nd3 26. Bxd6 Nxf2+ 27. Kg2 Qb6
28. Qg3 Rg8 29. Ng6 Rxd6 30. Qxf2 fxg6 0-1

[Event "BL 0304 SC Kreuzberg - SC Baden Oos"]
[Site "?"]
[Date "2003.11.01"]
[Round "1.3"]
[White "Krasenkow, Michal"]
[Black "Maiwald, Jens-Uwe"]
[Result "1-0"]
[WhiteElo "2597"]
[BlackElo "2543"]
[PlyCount "85"]
[EventDate "2003.??.??"]

1. d4 Nf6 2. c4 g6 3. Nc3 Bg7 4. e4 d6 5. Nf3 O-O 6. h3 e5 7. d5 a5 8. Bg5 Qe8
9. g4 Nfd7 10. a3 Nc5 11. b4 axb4 12. axb4 Rxa1 13. Qxa1 Nb3 14. Qd1 Nd4 15. c5
f5 16. gxf5 gxf5 17. Rg1 Kh8 18. Be3 Nxf3+ 19. Qxf3 Na6 20. Bxa6 bxa6 21. c6
Qf7 22. h4 f4 23. Ba7 Bf6 24. h5 Rg8 25. Rxg8+ Qxg8 26. Qh1 Qg5 27. f3 Kg7 28.
Qg1 Qxg1+ 29. Bxg1 Bd8 30. Ba7 Kh6 31. Bb8 Kxh5 32. b5 Kg5 33. b6 cxb6 34. Bxd6
Kf6 35. Bb8 b5 36. d6 Ba5 37. Kd2 Be6 38. Kc2 h5 39. Nd5+ Kf7 40. d7 h4 41.
Bxe5 h3 42. Bxf4 Bxd5 43. c7 1-0

[Event "BL 0304 SC Kreuzberg - SC Baden Oos"]
[Site "?"]
[Date "2003.11.01"]
[Round "1.4"]
[White "Tischbierek, Raj"]
[Black "Schlosser, Philipp"]
[Result "1/2-1/2"]
[WhiteElo "2519"]
[BlackElo "2560"]
[PlyCount "82"]
[EventDate "2003.??.??"]

1. e4 c5 2. Nf3 e6 3. d4 cxd4 4. Nxd4 a6 5. Be2 Nf6 6. Nc3 d6 7. O-O Be7 8. f4
O-O 9. a4 Nc6 10. Be3 Qc7 11. Kh1 Re8 12. Bg1 Bd7 13. Qd3 Rac8 14. Qg3 d5 15.
exd5 Nxd5 16. Nxd5 exd5 17. Nxc6 Qxc6 18. Bd3 Bf6 19. c3 Qd6 20. Rfd1 b5 21.
axb5 axb5 22. Qf3 b4 23. cxb4 Qxb4 24. Ra7 Qd6 25. Bxh7+ Kxh7 26. Rxd5 Qe6 27.
Raxd7 Rc1 28. b3 Kg8 29. Rd1 Rc3 30. R7d3 Qxb3 31. Rxc3 Qxc3 32. Qxc3 Bxc3 33.
Bf2 Re2 34. Kg1 f5 35. Kf1 Re4 36. g3 Kf7 37. Rc1 Bf6 38. Rc2 Ra4 39. Kg2 Bd4
40. Rc7+ Kf6 41. Rc6+ Kf7 1/2-1/2

[Event "BL 0304 SC Kreuzberg - SC Baden Oos"]
[Site "?"]
[Date "2003.11.01"]
[Round "1.5"]
[White "Schmaltz, Roland"]
[Black "Lau, Ralf"]
[Result "1/2-1/2"]
[WhiteElo "2519"]
[BlackElo "2503"]
[PlyCount "77"]
[EventDate "2003.??.??"]

1. e4 c5 2. Nf3 d6 3. d4 cxd4 4. Nxd4 Nf6 5. Nc3 Nc6 6. Be2 g6 7. Nb3 Bg7 8.
O-O O-O 9. Re1 a6 10. Bf1 b5 11. Bg5 Bb7 12. Nd5 Nd7 13. c3 Re8 14. a4 bxa4 15.
Rxa4 h6 16. Bh4 g5 17. Bg3 e6 18. Ne3 Nb6 19. Ra2 Ne5 20. Qc2 Ra7 21. Rea1 Qc8
22. f3 Nbc4 23. Nxc4 Nxc4 24. Bf2 Ra8 25. Ra4 Ne5 26. Na5 Rb8 27. Nxb7 Qxb7 28.
Rb4 Qc7 29. Rxb8 Rxb8 30. Rxa6 d5 31. exd5 exd5 32. Ra7 Qc6 33. Qf5 Rxb2 34.
Bd4 Qe8 35. Rc7 Rb8 36. Bc5 Ng6 37. Qxd5 Nf4 38. Qd7 Ne6 39. Qxe8+ 1/2-1/2

[Event "BL 0304 SC Kreuzberg - SC Baden Oos"]
[Site "?"]
[Date "2003.11.01"]
[Round "1.6"]
[White "Kalinitschew, Sergey"]
[Black "Keitlinghaus, Ludger"]
[Result "1/2-1/2"]
[WhiteElo "2519"]
[BlackElo "2503"]
[PlyCount "47"]
[EventDate "2003.??.??"]

1. d4 d5 2. c4 c6 3. Nc3 Nf6 4. cxd5 cxd5 5. Bf4 Nc6 6. e3 a6 7. Bd3 Bg4 8.
Nge2 e6 9. Rc1 Be7 10. Bg3 Nd7 11. O-O Bh5 12. f3 Bg6 13. Nf4 Bxd3 14. Nxd3 O-O
15. Rf2 Qa5 16. Qb3 Qb6 17. Na4 Qxb3 18. axb3 Rad8 19. Rfc2 Rfe8 20. Kf1 f6 21.
Bc7 Rc8 22. Bg3 Rcd8 23. Bc7 Rc8 24. Bg3 1/2-1/2

[Event "BL 0304 SC Kreuzberg - SC Baden Oos"]
[Site "?"]
[Date "2003.11.01"]
[Round "1.7"]
[White "Doettling, Fabian"]
[Black "Volke, Karsten"]
[Result "1/2-1/2"]
[WhiteElo "2519"]
[BlackElo "2467"]
[PlyCount "43"]
[EventDate "2003.??.??"]

1. d4 Nf6 2. Nf3 e6 3. c4 b6 4. g3 Ba6 5. Qa4 c5 6. Bg2 Bb7 7. dxc5 bxc5 8. Nc3
Be7 9. O-O O-O 10. Rd1 Qb6 11. Bf4 d6 12. Qb3 Rd8 13. Rd2 Nbd7 14. Rad1 Ne8 15.
Qc2 Nf8 16. Bg5 Bxg5 17. Nxg5 Bxg2 18. Kxg2 h6 19. Nf3 Rd7 20. Qa4 Rad8 21. Rb1
Qb8 22. a3 1/2-1/2

[Event "BL 0304 SC Kreuzberg - SC Baden Oos"]
[Site "?"]
[Date "2003.11.01"]
[Round "1.8"]
[White "Muse, Drazen"]
[Black "Schenk, Andreas"]
[Result "1/2-1/2"]
[WhiteElo "2443"]
[BlackElo "2499"]
[PlyCount "63"]
[EventDate "2003.??.??"]

1. g3 d5 2. Bg2 c6 3. d3 Bg4 4. h3 Bh5 5. f4 e6 6. Nf3 Bc5 7. e4 dxe4 8. dxe4
Qxd1+ 9. Kxd1 f6 10. Ke2 Nd7 11. Be3 O-O-O 12. Rd1 Bxe3 13. Kxe3 Ne7 14. Nc3 e5
15. f5 Bf7 16. Rd3 g6 17. Nh4 Rhg8 18. Bf3 g5 19. Ng2 Nb6 20. Rxd8+ Kxd8 21. b3
h5 22. Ne1 Kc7 23. Nd3 Nd7 24. Be2 Nc8 25. Nb2 Nd6 26. a4 a5 27. Nb1 Rh8 28.
Nd2 h4 29. g4 Nb6 30. Nd3 Nd7 31. Nb2 Nb6 32. Nd3 1/2-1/2

[Event "BL 0304 SFR Neukölln - Stuttgarter Sfr"]
[Site "?"]
[Date "2003.11.01"]
[Round "1.1"]
[White "Golubev, Mihail"]
[Black "Rogozenko, Dorian"]
[Result "1/2-1/2"]
[WhiteElo "2536"]
[BlackElo "2517"]
[PlyCount "66"]
[EventDate "2003.??.??"]

1. e4 c5 2. Nf3 Nc6 3. d4 cxd4 4. Nxd4 Nf6 5. Nc3 e6 6. Ndb5 d6 7. Bf4 e5 8.
Bg5 a6 9. Na3 b5 10. Bxf6 gxf6 11. Nd5 f5 12. exf5 Bxf5 13. c3 Bg7 14. Nc2 O-O
15. Nce3 Be6 16. Bd3 f5 17. O-O Ra7 18. a4 Ne7 19. Nxe7+ Rxe7 20. axb5 axb5 21.
Bc2 d5 22. Bb3 f4 23. Nxd5 Rd7 24. Nb4 Rxd1 25. Bxe6+ Kh8 26. Raxd1 Qe7 27. Bd5
e4 28. Rfe1 e3 29. Bf3 Qc5 30. Re2 exf2+ 31. Kf1 Bf6 32. Nd3 Qg5 33. Nxf2 Rd8
1/2-1/2

[Event "BL 0304 SFR Neukölln - Stuttgarter Sfr"]
[Site "?"]
[Date "2003.11.01"]
[Round "1.2"]
[White "Berndt, Stephan"]
[Black "Berezovsky, Igor"]
[Result "1/2-1/2"]
[WhiteElo "2462"]
[BlackElo "2444"]
[PlyCount "33"]
[EventDate "2003.??.??"]

1. e4 c6 2. d4 d5 3. exd5 cxd5 4. c4 Nf6 5. Nc3 g6 6. Qb3 Bg7 7. cxd5 O-O 8.
Be2 Nbd7 9. Bf3 Nb6 10. Nge2 Bg4 11. Bxg4 Nxg4 12. a4 Nf6 13. Nf4 Qc7 14. O-O
Rac8 15. Nb5 Qc2 16. Qxc2 Rxc2 17. d6 1/2-1/2

[Event "BL 0304 SFR Neukölln - Stuttgarter Sfr"]
[Site "?"]
[Date "2003.11.01"]
[Round "1.3"]
[White "Steingrimsson, Hedinn"]
[Black "Polzin, Rainer"]
[Result "1-0"]
[WhiteElo "2396"]
[BlackElo "2489"]
[PlyCount "53"]
[EventDate "2003.??.??"]

1. d4 Nf6 2. c4 g6 3. Nc3 Bg7 4. e4 d6 5. Bd3 O-O 6. Nge2 Nc6 7. O-O Nh5 8. Be3
e5 9. d5 Nd4 10. Nb5 Nxb5 11. cxb5 f5 12. exf5 gxf5 13. f3 Bd7 14. Qc2 Qe7 15.
a4 Nf6 16. Nc3 e4 17. fxe4 Ng4 18. Bf4 fxe4 19. Nxe4 Bd4+ 20. Kh1 Qg7 21. Qxc7
Be5 22. Bxe5 Qxe5 23. Ng3 Qe7 24. Bf5 Nxh2 25. Bxd7 Qh4 26. Be6+ Kh8 27. Qc3+
1-0

[Event "BL 0304 SFR Neukölln - Stuttgarter Sfr"]
[Site "?"]
[Date "2003.11.01"]
[Round "1.4"]
[White "Borriss, Martin Dr"]
[Black "Reuss, Andreas"]
[Result "1-0"]
[WhiteElo "2445"]
[BlackElo "2361"]
[PlyCount "77"]
[EventDate "2003.??.??"]

1. e4 c6 2. d4 d5 3. e5 Bf5 4. Nf3 e6 5. Be2 Nd7 6. O-O h6 7. b3 Ne7 8. c4 Ng6
9. Na3 Bb4 10. Nc2 Bc3 11. Rb1 dxc4 12. bxc4 c5 13. Rxb7 Nb6 14. dxc5 Qxd1 15.
Bxd1 Be4 16. Rc7 Nxc4 17. Na3 Ncxe5 18. Nb5 Ba5 19. Nxe5 Nxe5 20. Bb2 Nc4 21.
Bc3 Bxc7 22. Nxc7+ Ke7 23. Nxa8 Bxa8 24. Be2 Bd5 25. Rb1 Rd8 26. Bxg7 Na3 27.
Rb4 Bc4 28. Rb7+ Ke8 29. Bh5 Rd5 30. Bxf7+ Kd8 31. h3 Rxc5 32. Rxa7 Nb5 33.
Bf6+ Kc8 34. Re7 Nd6 35. Bxe6+ Bxe6 36. Rxe6 Nf5 37. g4 Rc1+ 38. Kg2 Kd7 39.
gxf5 1-0

[Event "BL 0304 SFR Neukölln - Stuttgarter Sfr"]
[Site "?"]
[Date "2003.11.01"]
[Round "1.5"]
[White "Lorscheid, Gerhard"]
[Black "Poldauf, Dirk"]
[Result "1/2-1/2"]
[WhiteElo "2297"]
[BlackElo "2404"]
[PlyCount "41"]
[EventDate "2003.??.??"]

1. d4 Nf6 2. c4 g6 3. Nc3 Bg7 4. e4 d6 5. Bd3 O-O 6. Nge2 a6 7. O-O Nbd7 8. h3
c5 9. Be3 b6 10. b3 cxd4 11. Bxd4 Bb7 12. Ng3 e6 13. Rc1 Qc7 14. Qd2 Rad8 15.
Rfe1 Qb8 16. Be3 Nc5 17. Bb1 d5 18. cxd5 exd5 19. exd5 Nxd5 20. Nxd5 Bxd5 21.
Qe2 1/2-1/2

[Event "BL 0304 SFR Neukölln - Stuttgarter Sfr"]
[Site "?"]
[Date "2003.11.01"]
[Round "1.6"]
[White "Thiede, Lars"]
[Black "Vuckovic, Aleksandar"]
[Result "1-0"]
[WhiteElo "2440"]
[BlackElo "2321"]
[PlyCount "157"]
[EventDate "2003.??.??"]

1. g3 e5 2. c4 Nc6 3. Bg2 g6 4. Nc3 Bg7 5. Nf3 d6 6. d3 f5 7. O-O Nf6 8. Rb1 a5
9. a3 O-O 10. b4 axb4 11. axb4 h6 12. b5 Ne7 13. Qb3 Be6 14. Nd2 c6 15. Bb2 g5
16. Ra1 Rb8 17. Ra7 Bf7 18. Rfa1 Re8 19. bxc6 bxc6 20. Rb7 Rxb7 21. Qxb7 Qc8
22. Ra7 Qxb7 23. Rxb7 Bf8 24. Na2 Rc8 25. Nb4 c5 26. Na6 Nc6 27. Rb6 Be8 28.
Nb1 Be7 29. Nc3 Bd8 30. Rb7 Na5 31. Nb5 Nxb7 32. Bxb7 Bxb5 33. cxb5 Rc7 34.
Nxc7 Bxc7 35. f4 Kf7 36. fxg5 hxg5 37. e4 f4 38. Kg2 Kg6 39. Bc8 Bb6 40. Kf3
Bc7 41. Be6 fxg3 42. Kxg3 Nh5+ 43. Kf3 Nf4 44. Bc4 Kh5 45. Bc3 g4+ 46. Kf2 Kh4
47. Be1 Bb6 48. Kg1+ Kg5 49. Bg3 Ne2+ 50. Kf2 Nxg3 51. hxg3 Kf6 52. Ke2 Ba5 53.
Bg8 Bb6 54. Bh7 Kg5 55. Bg8 Kf6 56. Bd5 Ke7 57. Bb3 Ba5 58. Bd1 Kf6 59. Kf2 Kg5
60. Ke3 Kh5 61. Bb3 Kg6 62. Be6 Kg5 63. Ke2 Bb6 64. Kd2 Kf6 65. Bxg4 c4 66.
dxc4 Ke7 67. Bc8 Kd8 68. Bb7 Bf2 69. g4 Bh4 70. c5 dxc5 71. b6 Kd7 72. Bd5 Bd8
73. b7 Kc7 74. Kc3 Bg5 75. Kc4 Be7 76. Kb5 Bg5 77. Kxc5 Be3+ 78. Kb5 Bg5 79.
Ka6 1-0

[Event "BL 0304 SFR Neukölln - Stuttgarter Sfr"]
[Site "?"]
[Date "2003.11.01"]
[Round "1.8"]
[White "Rudolf, Henrik"]
[Black "Haas, Wilhelm"]
[Result "1/2-1/2"]
[WhiteElo "2316"]
[BlackElo "2196"]
[PlyCount "115"]
[EventDate "2003.??.??"]

1. e4 c5 2. Nf3 d6 3. d4 cxd4 4. Nxd4 Nf6 5. Nc3 g6 6. Be3 Bg7 7. f3 O-O 8. Qd2
Nc6 9. Bc4 Nd7 10. h4 Nde5 11. Bb3 Na5 12. Qe2 Bd7 13. h5 Nxb3 14. cxb3 Rc8 15.
O-O-O Qa5 16. Kb1 Nc6 17. hxg6 fxg6 18. Nd5 Rf7 19. Nc2 b5 20. Bd2 Qa6 21. Bc3
Ne5 22. Qd2 Qb7 23. f4 Ng4 24. Bxg7 Rxg7 25. Qd4 Be6 26. Rc1 Rf7 27. g3 Bxd5
28. exd5 a5 29. Qd2 Nf6 30. Ne3 Rxc1+ 31. Rxc1 Qb6 32. Rc6 Qa7 33. Qd3 a4 34.
bxa4 bxa4 35. Ra6 Qd7 36. f5 g5 37. g4 Rf8 38. Qc4 Rc8 39. Qxa4 Qc7 40. Rc6 Qb7
41. Qc2 Re8 42. a3 Qa7 43. Qd3 Nxg4 44. Nxg4 Qg1+ 45. Ka2 Qxg4 46. Rc7 Qf4 47.
Qb5 Rf8 48. Rxe7 Qxf5 49. Qc6 Qd3 50. Re8 Qf3 51. Rxf8+ Qxf8 52. Qd7 Qf4 53.
Qe8+ Kg7 54. Qe7+ Kg6 55. Qe6+ Kh5 56. Qh3+ Kg6 57. Qe6+ Kg7 58. Qe7+ 1/2-1/2

[Event "BL 0304 SV Hofheim - SV Werder Bremen"]
[Site "?"]
[Date "2003.11.01"]
[Round "1.2"]
[White "Hickl, Joerg"]
[Black "Hracek, Zbynek"]
[Result "1/2-1/2"]
[WhiteElo "2562"]
[BlackElo "2578"]
[PlyCount "43"]
[EventDate "2003.??.??"]

1. g3 c5 2. Bg2 Nc6 3. Nf3 g6 4. O-O Bg7 5. d3 d6 6. c3 Nf6 7. e4 O-O 8. Re1
Bg4 9. Nbd2 b5 10. h3 Bd7 11. d4 e5 12. dxc5 dxc5 13. Nb3 Qc8 14. Kh2 c4 15.
Nc5 Rd8 16. Qe2 Be8 17. b3 cxb3 18. axb3 a5 19. Be3 Bf8 {=} 20. Rec1 Nd7 21.
Nd3 Qc7 22. Nd2 1/2-1/2

[Event "BL 0304 SV Hofheim - SV Werder Bremen"]
[Site "?"]
[Date "2003.11.01"]
[Round "1.3"]
[White "Babula, Vlastimil"]
[Black "Krivoshey, Sergei"]
[Result "1/2-1/2"]
[WhiteElo "2567"]
[BlackElo "2495"]
[PlyCount "67"]
[EventDate "2003.??.??"]

1. d4 d5 2. c4 c6 3. Nf3 Nf6 4. Nc3 dxc4 5. a4 Bf5 6. e3 e6 7. Bxc4 Bb4 8. O-O
Nbd7 9. Qb3 a5 10. Nh4 Bg6 11. g3 Qb6 12. f3 Nd5 13. Ne2 Be7 14. Nxg6 hxg6 15.
e4 Qxb3 16. Bxb3 Nb4 17. Rd1 e5 18. Be3 exd4 19. Nxd4 Ne5 20. Kg2 O-O 21. Nc2
Nxc2 22. Bxc2 Nc4 23. Bd4 Rfd8 24. Bb3 Bf6 25. Bxc4 Rxd4 26. Rxd4 Bxd4 27. Rd1
Rd8 28. f4 Bf6 29. Rxd8+ Bxd8 30. e5 Kf8 31. Kf3 g5 32. f5 Bc7 33. Ke4 Ke7 34.
Be2 1/2-1/2

[Event "BL 0304 SV Hofheim - SV Werder Bremen"]
[Site "?"]
[Date "2003.11.01"]
[Round "1.4"]
[White "Ginsburg, Gennadi"]
[Black "Pelletier, Yannick"]
[Result "0-1"]
[WhiteElo "2483"]
[BlackElo "2604"]
[PlyCount "92"]
[EventDate "2003.??.??"]

1. e4 c5 2. Nf3 Nc6 3. d4 cxd4 4. Nxd4 Nf6 5. Nc3 d6 6. Bc4 Qb6 7. Ndb5 a6 8.
Be3 Qa5 9. Nd4 e6 10. O-O Qc7 11. Bb3 Na5 12. f4 b5 13. f5 e5 14. Nde2 Bb7 15.
Nd5 Nxd5 16. Bxd5 Nc4 17. Qc1 Bxd5 18. exd5 Rc8 19. Nc3 Nxe3 20. Qxe3 Qc5 21.
Qxc5 Rxc5 22. a3 Be7 23. Rad1 Kd7 24. Rd3 Bf6 25. Re1 Rhc8 26. Re4 Ke7 27. a4
Rc4 28. axb5 axb5 29. Rde3 Bg5 30. Rg3 Bf4 31. Rxg7 b4 32. Rxc4 Rxc4 33. Na4 h6
34. Kf2 Rxc2+ 35. Kf3 b3 36. Rg8 Bc1 37. Rb8 e4+ 38. Kg3 Kf6 39. Rxb3 Kxf5 40.
Rc3 Bf4+ 41. Kh3 Rxc3+ 42. Nxc3 Be5 43. Na4 Bd4 44. b4 e3 45. Nc3 Bxc3 46. b5
Bd4 0-1

[Event "BL 0304 SV Hofheim - SV Werder Bremen"]
[Site "?"]
[Date "2003.11.01"]
[Round "1.6"]
[White "Houska, Jovanka"]
[Black "Gallagher, Joseph G"]
[Result "0-1"]
[WhiteElo "2358"]
[BlackElo "2522"]
[PlyCount "82"]
[EventDate "2003.??.??"]

1. e4 c5 2. Nc3 Nc6 3. g3 g6 4. Bg2 Bg7 5. d3 d6 6. Be3 Nf6 7. h3 O-O 8. Nge2
Rb8 9. O-O b5 10. Qd2 b4 11. Nd1 a5 12. Kh2 Qc7 13. Bh6 Bxh6 14. Qxh6 Nd4 15.
Qd2 d5 16. Nxd4 cxd4 17. f4 dxe4 18. dxe4 Ba6 19. Re1 e5 20. Nf2 Rfc8 21. Rac1
Rb6 22. Nd3 Bxd3 23. cxd3 Rc6 24. Rxc6 Qxc6 25. fxe5 Nd7 26. Qf4 Qe6 27. Qf2
Nxe5 28. Qxd4 Rc2 29. Rf1 Nc6 30. Qd5 Rxb2 31. Rc1 Ne5 32. Kh1 Qxd5 33. exd5
Rxa2 34. d6 b3 35. Bd5 Rc2 36. Rf1 b2 37. Ba2 Kf8 38. d4 Rc1 39. Kg2 Rxf1 40.
Kxf1 Nc4 41. Ke2 Na3 0-1

[Event "BL 0304 SV Hofheim - SV Werder Bremen"]
[Site "?"]
[Date "2003.11.01"]
[Round "1.7"]
[White "Joachim, Sven"]
[Black "Brendel, Oliver"]
[Result "1-0"]
[WhiteElo "2434"]
[BlackElo "2311"]
[PlyCount "75"]
[EventDate "2003.??.??"]

1. e4 c5 2. Nc3 Nc6 3. Bb5 Nd4 4. Bc4 d6 5. Nge2 Nf6 6. d3 Bg4 7. h3 Bd7 8.
Nxd4 cxd4 9. Ne2 e5 10. c3 d5 11. exd5 Bc5 12. O-O b5 13. Bb3 O-O 14. cxd4 exd4
15. Ng3 a5 16. Ne4 Qb6 17. a3 a4 18. Ba2 b4 19. Bc4 Rfc8 20. Re1 Nxe4 21. Rxe4
Bf5 22. Re1 Re8 23. Rxe8+ Rxe8 24. axb4 Bxb4 25. Rxa4 Bd7 26. Ra6 Qb8 27. Bd2
h6 28. b3 Bc3 29. Ra2 Qb4 30. Bxc3 Qxc3 31. Re2 Ra8 32. Qd2 Qa1+ 33. Re1 Qa3
34. Qf4 Qb4 35. Re4 Ra2 36. d6 Be6 37. Rxe6 Ra1+ 38. Kh2 $138 1-0

[Event "BL 0304 SV Hofheim - SV Werder Bremen"]
[Site "?"]
[Date "2003.11.01"]
[Round "1.8"]
[White "Haubt, Georg"]
[Black "Meins, Gerlef"]
[Result "1/2-1/2"]
[WhiteElo "2283"]
[BlackElo "2454"]
[PlyCount "84"]
[EventDate "2003.??.??"]

1. d4 d5 2. Nc3 Nf6 3. Bg5 Bf5 4. Bxf6 exf6 5. e3 Bb4 6. Bd3 Bxc3+ 7. bxc3 Bxd3
8. Qxd3 O-O 9. c4 c5 10. Ne2 cxd4 11. cxd5 dxe3 12. fxe3 Nd7 13. O-O Ne5 14.
Qb3 b6 15. a4 Rc8 16. Rfd1 Re8 17. Rd4 f5 18. Ng3 g6 19. e4 Qf6 20. Rad1 f4 21.
Nf1 f3 22. R1d2 fxg2 23. Kxg2 Nd7 24. Qf3 Rxc2 25. Qxf6 Rxd2+ 26. Nxd2 Nxf6 27.
Kf3 Nd7 28. Nc4 Rc8 29. Kf4 f6 30. h4 Kg7 31. Nd6 Rc1 32. a5 bxa5 33. Ra4 Ne5
34. Rxa5 Kf8 35. Kg3 Rc3+ 36. Kg2 Rc7 37. Ra6 Nd7 38. Nb5 Rb7 39. Rxa7 Rxa7 40.
Nxa7 f5 41. exf5 gxf5 42. Kf3 Nf6 1/2-1/2

[Event "BL 0304 SCA St Ingbert - Bremer SG"]
[Site "?"]
[Date "2003.11.01"]
[Round "1.2"]
[White "Marcelin, Cyril"]
[Black "Landa, Konstantin"]
[Result "1/2-1/2"]
[WhiteElo "2473"]
[BlackElo "2587"]
[PlyCount "47"]
[EventDate "2003.??.??"]

1. d4 d5 2. c4 e6 3. Nc3 Bb4 4. a3 Bxc3+ 5. bxc3 Ne7 6. e3 b6 7. cxd5 exd5 8.
Bd3 O-O 9. Ne2 Bf5 10. O-O Nbc6 11. f3 Bxd3 12. Qxd3 Na5 13. e4 Nb3 14. Rb1
Nxc1 15. Rfxc1 Qd7 16. Ng3 Rac8 17. Rd1 Rfd8 18. e5 c5 19. f4 cxd4 20. cxd4 g6
21. Rf1 Nf5 22. Nxf5 Qxf5 23. Qxf5 gxf5 24. Rb3 1/2-1/2

[Event "BL 0304 SCA St Ingbert - Bremer SG"]
[Site "?"]
[Date "2003.11.01"]
[Round "1.3"]
[White "Agrest, Evgenij"]
[Black "Lazarev, Vladimir"]
[Result "1/2-1/2"]
[WhiteElo "2605"]
[BlackElo "2526"]
[PlyCount "52"]
[EventDate "2003.??.??"]

1. c4 Nf6 2. Nc3 e6 3. d4 Bb4 4. e3 c5 5. Bd3 d5 6. Nf3 O-O 7. O-O dxc4 8. Bxc4
Nbd7 9. Qe2 cxd4 10. exd4 Bxc3 11. bxc3 Qc7 12. a4 b6 13. Ra3 Bb7 14. Bd3 Rfe8
15. Re1 Rac8 16. Ne5 Nxe5 17. dxe5 Qc6 18. Qf1 Nd7 19. a5 bxa5 20. Rxa5 Qxc3
21. Rxa7 Nc5 22. Bb5 Ra8 23. Re3 Qc2 24. Re2 Qc3 25. Re3 Qc2 26. Re2 Qc3
1/2-1/2

[Event "BL 0304 SCA St Ingbert - Bremer SG"]
[Site "?"]
[Date "2003.11.01"]
[Round "1.4"]
[White "Bricard, Emmanuel"]
[Black "Baburin, Alexander"]
[Result "0-1"]
[WhiteElo "2453"]
[BlackElo "2541"]
[PlyCount "70"]
[EventDate "2003.??.??"]

1. e4 Nf6 2. Nc3 d5 3. e5 Nfd7 4. d4 c5 5. Nf3 e6 6. Bb5 Nc6 7. O-O Qb6 8. Ba4
cxd4 9. Ne2 Bc5 10. Nf4 O-O 11. Nd3 Be7 12. Bf4 a6 13. Re1 Qa7 14. c3 dxc3 15.
bxc3 b5 16. Bc2 Nb6 17. Ng5 Bxg5 18. Bxg5 Nc4 19. Bf6 Ne7 20. Nf4 Ng6 21. Qh5
Qc7 22. Nh3 h6 23. Rad1 Nb2 24. Rc1 Nc4 25. g4 Bb7 26. g5 Ncxe5 27. Rxe5 gxf6
28. Re3 hxg5 29. Rg3 Kg7 30. Nxg5 fxg5 31. Rxg5 Rg8 32. Bxg6 Kf8 33. Qh6+ Ke7
34. Re1 Kd6 35. Qh7 Qxc3 0-1

[Event "BL 0304 SCA St Ingbert - Bremer SG"]
[Site "?"]
[Date "2003.11.01"]
[Round "1.5"]
[White "Fish, Gannadij"]
[Black "Nguyen, Chi Minh"]
[Result "1/2-1/2"]
[WhiteElo "2509"]
[BlackElo "2375"]
[PlyCount "59"]
[EventDate "2003.??.??"]

1. d4 Nf6 2. c4 e6 3. Nc3 Bb4 4. g3 O-O 5. Bg2 d5 6. Nf3 c6 7. O-O b6 8. Ne5
Nfd7 9. cxd5 Nxe5 10. dxe5 Bxc3 11. dxc6 Qc7 12. bxc3 Nxc6 13. Ba3 Rd8 14. Bd6
Qd7 15. Qa4 Bb7 16. Rfd1 Na5 17. Qh4 Bxg2 18. Be7 Qxd1+ 19. Rxd1 Rxd1+ 20. Kxg2
Rd7 21. Bg5 Rc8 22. Qg4 Kh8 23. h4 h6 24. Be3 Rxc3 25. Bxh6 gxh6 26. Qf4 Kh7
27. Qe4+ Kg7 28. Qg4+ Kh7 29. Qe4+ Kg7 30. Qg4+ 1/2-1/2

[Event "BL 0304 SCA St Ingbert - Bremer SG"]
[Site "?"]
[Date "2003.11.01"]
[Round "1.6"]
[White "Pirrot, Dieter"]
[Black "Gisbrecht, Ewgeni"]
[Result "1-0"]
[WhiteElo "2422"]
[BlackElo "2441"]
[PlyCount "55"]
[EventDate "2003.??.??"]

1. e4 c5 2. c3 d5 3. exd5 Qxd5 4. d4 Nf6 5. Nf3 e6 6. Be3 cxd4 7. cxd4 Be7 8.
Nc3 Qd8 9. Bd3 Nc6 10. a3 O-O 11. O-O b6 12. Qe2 Bb7 13. Rad1 Rc8 14. Bg5 Re8
15. Rfe1 Nd7 16. Qe4 Nf8 17. Qf4 h6 18. Bxe7 Rxe7 19. Be4 Qc7 20. Qxc7 Rexc7
21. Nb5 Rd7 22. d5 Na5 23. Ne5 Rdd8 24. Nxa7 Ra8 25. Nac6 Bxc6 26. dxc6 f6 27.
Nd7 Nxd7 28. c7 1-0